| 000 | 00737nam a2200205Ia 4500 | ||
|---|---|---|---|
| 003 | GCL | ||
| 008 | 140319s9999 xx 000 0 ara d | ||
| 020 | _a9990101817 | ||
| 040 |
_aGCL / _cGCL |
||
| 082 | 0 | 4 |
_a953.709 _bو م |
| 245 | 1 | 0 | _aملك وخمس سنوات من الانجازات 1999- 2004 |
| 260 |
_aالبحرين : _bوزارة الاعلام - شئون الاعلام الخارجى ، _c2004 |
||
| 300 |
_a390 ص ؛ _c24 سم |
||
| 650 | 0 | 4 | _aالبحرين |
| 650 | 0 | 4 | _aالبحرين - تاريخ |
| 650 | 0 | 4 | _aالبحرين - تاريخ - العصر الحديث |
| 650 | 0 | 4 | _aالبحرين - الاحوال الاجتماعية |
| 650 | 0 | 4 | _aالبحرين - الاحوال السياسية |
| 942 |
_2ddc _cBK |
||
| 999 |
_c9073 _d9073 |
||